| 000 -LEADER |
| fixed length control field |
03177cam a22004095i 4500 |
| 003 - CONTROL NUMBER IDENTIFIER |
| control field |
OSt |
| 005 - DATE AND TIME OF LATEST TRANSACTION |
| control field |
20220302191049.0 |
| 006 - FIXED-LENGTH DATA ELEMENTS--ADDITIONAL MATERIAL CHARACTERISTICS--GENERAL INFORMATION |
| fixed length control field |
m |o d | |
| 008 - FIXED-LENGTH DATA ELEMENTS--GENERAL INFORMATION |
| fixed length control field |
151209s2016 gw |||| o |||| 0|eng |
| 020 ## - INTERNATIONAL STANDARD BOOK NUMBER |
| International Standard Book Number |
9783662485651 |
| 072 #7 - SUBJECT CATEGORY CODE |
| Subject category code |
TNK |
| Source |
bicssc |
| 072 #7 - SUBJECT CATEGORY CODE |
| Subject category code |
TNKH |
| Source |
thema |
| 082 04 - DEWEY DECIMAL CLASSIFICATION NUMBER |
| Classification number |
690 |
| Edition number |
23 |
| Item number |
XIA |
| 100 1# - MAIN ENTRY--PERSONAL NAME |
| Personal name |
Gu, Xianglin, |
| Relator term |
author. |
| 245 10 - TITLE STATEMENT |
| Title |
Basic Principles of Concrete Structures / |
| Statement of responsibility, etc |
by Xianglin Gu, Xianyu Jin, Yong Zhou. |
| 250 ## - EDITION STATEMENT |
| Edition statement |
1st ed. 2016. |
| 300 ## - PHYSICAL DESCRIPTION |
| Extent |
1 online resource (XXII, 606 pages 397 illustrations, 13 illustrations in color.) |
| 505 0# - FORMATTED CONTENTS NOTE |
| Formatted contents note |
Introduction -- Mechanical Properties of Concrete and Steel Reinforcement -- Bond and Anchorage -- Tension and Compression Behavior of Axially Loaded Members -- Bending Behavior of Flexural Members -- Compression and Tension Behavior of Eccentrically Loaded Members -- Shear -- Torsion -- Punching Shear and Bearing -- Prestressed Concrete Structures -- Serviceability of Concrete Structures -- Durability of Concrete Structures. |
| 520 ## - SUMMARY, ETC. |
| Summary, etc |
Based on the latest version of designing codes both for buildings and bridges (GB50010-2010 and JTG D62-2004), this book starts from steel and concrete materials, whose properties are very important to the mechanical behavior of concrete structural members. Step by step, analysis of reinforced and prestressed concrete members under basic loading types (tension, compression, flexure, shearing and torsion) and environmental actions are introduced. The characteristic of the book that distinguishes it from other textbooks on concrete structures is that more emphasis has been laid on the basic theories of reinforced concrete and the application of the basic theories in design of new structures and analysis of existing structures. Examples and problems in each chapter are carefully designed to cover every important knowledge point. As a basic course for undergraduates majoring in civil engineering, this course is different from either the previously learnt mechanics courses or the design courses to be learnt. Compared with mechanics courses, the basic theories of reinforced concrete structures cannot be solely derived by theoretical analysis. And compared with design courses, this course emphasizes the introduction of basic theories rather than simply being a translation of design specifications. The book will focus on both the theoretical derivations and the engineering practices. |
| 650 #0 - SUBJECT ADDED ENTRY--TOPICAL TERM |
| Topical term or geographic name as entry element |
Building. |
| 650 #0 - SUBJECT ADDED ENTRY--TOPICAL TERM |
| Topical term or geographic name as entry element |
Buildings |
| General subdivision |
Design and construction. |
| 650 #0 - SUBJECT ADDED ENTRY--TOPICAL TERM |
| Topical term or geographic name as entry element |
Computer-aided engineering. |
| 650 #0 - SUBJECT ADDED ENTRY--TOPICAL TERM |
| Topical term or geographic name as entry element |
Construction. |
| 650 #0 - SUBJECT ADDED ENTRY--TOPICAL TERM |
| Topical term or geographic name as entry element |
Engineering, Architectural. |
| 650 #0 - SUBJECT ADDED ENTRY--TOPICAL TERM |
| Topical term or geographic name as entry element |
Mechanics, Applied. |
| 650 #0 - SUBJECT ADDED ENTRY--TOPICAL TERM |
| Topical term or geographic name as entry element |
Mechanics. |
| 650 14 - SUBJECT ADDED ENTRY--TOPICAL TERM |
| Topical term or geographic name as entry element |
Building Construction and Design. |
| 650 24 - SUBJECT ADDED ENTRY--TOPICAL TERM |
| Topical term or geographic name as entry element |
Computer-Aided Engineering (CAD, CAE) and Design. |
| 650 24 - SUBJECT ADDED ENTRY--TOPICAL TERM |
| Topical term or geographic name as entry element |
Solid Mechanics. |
| 700 1# - ADDED ENTRY--PERSONAL NAME |
| Personal name |
Jin, Xianyu, |
| Relator term |
author. |
| 700 1# - ADDED ENTRY--PERSONAL NAME |
| Personal name |
Zhou, Yong, |
| Relator term |
author. |
| 776 08 - ADDITIONAL PHYSICAL FORM ENTRY |
| Display text |
Print version: |
| Title |
Basic principles of concrete structures. |
| International Standard Book Number |
9783662485637 |
| Record control number |
(DLC) 2015951754 |
| 776 08 - ADDITIONAL PHYSICAL FORM ENTRY |
| Display text |
Printed edition: |
| International Standard Book Number |
9783662485637 |
| 776 08 - ADDITIONAL PHYSICAL FORM ENTRY |
| Display text |
Printed edition: |
| International Standard Book Number |
9783662485644 |
| 776 08 - ADDITIONAL PHYSICAL FORM ENTRY |
| Display text |
Printed edition: |
| International Standard Book Number |
9783662569382 |
| 942 ## - ADDED ENTRY ELEMENTS (KOHA) |
| Source of classification or shelving scheme |
|